00886 a2200157 45000010006000000050017000060080041000230030015000640400040000790800032001192450078001512640050002293000019002795050405002981000025007035318520260407155806.0260407a1974 arg spa dAR-UNSa-BCEJYS aAR-UNSa-BCEJYSbspacAR-UNSa-BCEJYS a330(82)xEconomia Argentina10aDesigualdades regionales y concentración económicapEl caso Argentino 1aBuenos Aires :bEdiciones Siap-Planteosc1974 a150 p.c20 cm. a1. La configuración del espacio nacional - 2. Redefinición del elemento clave del análisis espacial:la región - 3. En torno del concepto de desequilibrio general - 4. Desigualdades sociales regionales:Una aproximación al modelo explicativo - 5. Una aproximación empírica al problema de las desigualdades sociales regionales en la Argentina:La concentración industrial a nivel espacial1 aRofman, Alejandro B.